Hütten, Zelte, Tipis : mit 50 Anleitungen zum Selberbauen /
Na minha lista:
| Autor principal: | |
|---|---|
| Outros Autores: | |
| Formato: | Livro |
| Idioma: | alemão |
| Publicado em: |
Aarau / München :
AT Verlag,
2016
|
| Edição: | 1. vydanie v nemčine |
| Assuntos: | |
| Tags: |
Sem tags, seja o primeiro a adicionar uma tag!
|
MARC
| LEADER | 00000nam a22000003a 4500 | ||
|---|---|---|---|
| 001 | 0031745 | ||
| 003 | SK-STU | ||
| 005 | 20190325165051.3 | ||
| 007 | ta | ||
| 008 | 180314s ----xo-----e------000-0-----d | ||
| 020 | |a 978-3-03800-865-1 | ||
| 040 | |a STU |b slo | ||
| 041 | 0 | |a ger | |
| 044 | |a sz | ||
| 044 | |a gw | ||
| 100 | 1 | |a Beauvais, Michel |4 aut | |
| 245 | 1 | 0 | |a Hütten, Zelte, Tipis : |b mit 50 Anleitungen zum Selberbauen / |c aut. Michel Beauvais ; ill. Amandine Labarre |
| 250 | |a 1. vydanie v nemčine | ||
| 260 | |a Aarau / München : |b AT Verlag, |c 2016 | ||
| 300 | |a 192 s. | ||
| 650 | 0 | 7 | |a chaty |
| 650 | 0 | 7 | |a Stavby malé |
| 650 | 0 | 7 | |a tents |
| 650 | 0 | 7 | |a prírodné materiály |
| 650 | 0 | 7 | |a stavby pre voľný čas |
| 650 | 0 | 7 | |a prístrešok |
| 650 | 0 | 7 | |a experimentálna architektúra |
| 650 | 0 | 7 | |a architektúra extrémna |
| 650 | 0 | 7 | |a drevo |
| 700 | 1 | |a Labarre, Amandine |4 ill | |
| 996 | |b 284AU07289 |c A* 10537/U |l AA5150 |s P |a 0 |w 0031745_0001 | ||
| 996 | |b 284AU07537 |c A* 10785/U |l AAKNAR |s A |a 24 |w 0031745_0002 | ||
| 996 | |b 284AU07538 |c A* 10786/U |l AAKNAR |s A |a 24 |w 0031745_0003 | ||